• 首页
  • 本馆介绍
  • 公告通知
  • 最新文献
  • 馆藏检索
  • 电子资源
  • 读者导购
  • 参考咨询
  • 我的图书馆
  • 登录
  • 详细信息显示
  • 放入我的书架
  • 预约/预借图书
  • 作者相关作品
  • 分类相关作品
  • 丛书相关作品
  • 出版社相关作品

书目信息

  • 表格格式
  • 工作单格式
  • 卡片格式
题名:
中国邮政编码大全
    
 
作者: ;邮电部邮政总局 主编
分册: 第七卷   商业服务业卷
出版信息: 北京   人民邮电出版社  1990.1
页数: 846页
开本: 26cm
丛书名:
单 册:
中图分类: F614-62
科图分类:
主题词: 邮政-编码--中国--手册 , 商业-邮政-编码--中国--手册 , 第三产业-邮政-编码--中国--手册 , 编码-邮政--中国--手册
电子资源:
ISBN: 7-115-04060-5
000 00936nam 2200253 45
001 0190007319
005 20061030152625.84
010    @a7-115-04060-5@dCNY24.00
100    @a19901126d1990 em y0chiy0121 ea
101 0  @achi
102    @aCN@b110000
105    @ay gz 000yy
200 10 @a中国邮政编码大全@AZHONG GUO YOU ZHENG BIAN MA DA QUAN@h第七卷@i商业服务业卷@ISHANG YE FU WU YE JUAN@f邮电部邮政总局主编@FYOU DIAN BU YOU ZHENG ZONGJU ZHU BIAN
210    @a北京@c人民邮电出版社@d1990.1
215    @a846页@d26cm
540 1  @a中国 邮政编码 大全 商业服务业@AZHONG GUO YOU ZHENG BIAN MA DA QUAN SHANG YE FU WU YE
606    @a邮政-编码@y中国@x手册
606    @a商业-邮政-编码@y中国@x手册
606    @a第三产业-邮政-编码@y中国@x手册
606    @a编码-邮政@y中国@x手册
690    @aF614-62@v3
711 02 @a邮电部邮政总局@AYOU DIAN BU YOU ZHENG ZONG JU@4主编
801  0 @aCN@bTSSF@c20061030
905    @a10447@dF614-62@e1:7
    
    中国邮政编码大全.第七卷.商业服务业卷/邮电部邮政总局主编.-北京:人民邮电出版社,1990.1
    846页;26cm
    
    
    ISBN 7-115-04060-5:CNY24.00
    
●
相关链接 在E读中查询图书 在五车中查询图书 在当当中查询图书 在豆瓣中查询图书


正题名:中国邮政编码大全     索取号:F614-62/1:7         预约/预借

序号 登录号 条形码 馆藏地/架位号 状态 备注
1 0259640   000487529   第一样本阅览室/ [索取号:F614-62/1:7] 在馆    
唐山师范学院图书馆 欢迎您!
大连网信软件有限公司© 版权所有